000 00296nam a2200133Ia 4500
100 _aTraister/ J.E
942 _cRB
654 _apolyphase
245 _aHandbook of polyphase Electric Motors
260 _bPrentice Hall
_c1988
082 _a621.426
_bTRA
300 _a209
546 _aENGLISH
999 _c17999
_d17999